Top 10 Italian Football Transfer Records - Statistics

General Stats
  • This quiz has been taken 271 times
    99 since last reset
  • The average score is 8 of 10
Answer Stats
Rank Name Joined Left Season Fee % Correct
3 Jorginho Chelsea FC SSC Napoli 18/19 €57.00m
91%
2 Sandro Tonali Newcastle United AC Milan 23/24 €58.90m
91%
7 Marco Verratti Al-Arabi SC Paris Saint-Germain 23/24 €45.00m
88%
6 Riccardo Calafiori Arsenal FC Bologna FC 1909 24/25 €45.00m
88%
4 Gianluigi Buffon Juventus FC Parma Calcio 1913 01/02 €52.88m
87%
9 Leonardo Bonucci AC Milan Juventus FC 17/18 €42.00m
77%
8 Federico Chiesa Juventus FC ACF Fiorentina 22/23 €44.60m
73%
1 Mateo Retegui Al-Qadsiah FC Atalanta BC 25/26 €68.25m
70%
5 Christian Vieri Inter Milan SS Lazio 99/00 €46.48m
57%
10 Federico Bernardeschi Juventus FC ACF Fiorentina 17/18 €40.00m
40%
No matching quizzes found
Score Distribution
Percent of People with Each Score
Percentile by Number Answered
Your Score History
You have not taken this quiz since the last reset